History of Malaya (1400 - 1959) (Record no. 159737)

MARC details
000 -LEADER
fixed length control field 00681nam a2200241 i 4500
001 - CONTROL NUMBER
control field C2-0216052
003 - CONTROL NUMBER IDENTIFIER
control field PPAK
005 - DATE AND TIME OF LATEST TRANSACTION
control field 20180728104657.0
008 - FIXED-LENGTH DATA ELEMENTS--GENERAL INFORMATION
fixed length control field 990511s1963 my a|||| ||||| | eng d
040 ## - CATALOGING SOURCE
Original cataloging agency PPAK
Language of cataloging eng
Transcribing agency PPAK
Description conventions rda
082 04 - DEWEY DECIMAL CLASSIFICATION NUMBER
Classification number 959.504
Edition number 23
090 00 - LOCALLY ASSIGNED LC-TYPE CALL NUMBER (OCLC); LOCAL CALL NUMBER (RLIN)
Classification number (OCLC) (R) ; Classification number, CALL (RLIN) (NR) 959.504
Feature heading JEN
Feature heading KAR
Classification number (OCLC) (R) ; Classification number, CALL (RLIN) (NR) 959.504
Feature heading JEN
Feature heading KWI
100 1# - MAIN ENTRY--PERSONAL NAME
Personal name Jessy, Joginder Singh,
Relator term author
245 10 - TITLE STATEMENT
Title History of Malaya (1400 - 1959)
264 #1 - PRODUCTION, PUBLICATION, DISTRIBUTION, MANUFACTURE, AND COPYRIGHT NOTICE
Place of production, publication, distribution, manufacture Penang :
Name of producer, publisher, distributor, manufacturer United Publishers ,
Date of production, publication, distribution, manufacture, or copyright notice 1963
300 ## - PHYSICAL DESCRIPTION
Extent xx, 366 pages :
Other physical details illustrations ;
Dimensions 21 cm
336 ## - CONTENT TYPE
Source rdacontent
Content type term text
337 ## - MEDIA TYPE
Source rdamedia
Media type term unmediated
338 ## - CARRIER TYPE
Source rdacarrier
Carrier type term volume
650 10 - SUBJECT ADDED ENTRY--TOPICAL TERM
Topical term or geographic name entry element Malaya - History
942 ## - ADDED ENTRY ELEMENTS (KOHA)
-- dc
Koha item type Book
Holdings
Withdrawn Not for loan Current library Shelving location Date acquired Full call number Barcode Date last seen Koha item type
  Not For Loan Perpustakaan Alor Setar Koleksi Wan Ibrahim 11/05/1999 KWI 959.504 JEN A00215500 01/06/2018 Book
  Not For Loan Perpustakaan Baling Koleksi A.Rahmad 27/10/2004 KAR 959.504 JEN A00500432 01/06/2018 Book